000
00314nam a22001337a 4500
008
170609b xxu||||| |||| 00| 0 eng d
020
_a
9780813321059
041
_a
eng
080
_a
94(7/8)
100
_a
19
101
_a
SHH
245
_a
LATIN AMERICA IN COMPARATIVE PERSPECTIVE
_c
SMITH, P.H
942
_2
udc
_c
BK
999
_c
16714
_d
16714